000 00497nam a2200193Ia 4500
005 20250326141128.0
008 250326s9999 xx 000 0 und d
037 _aTextbook
040 _aFMSL
_beng
_cFMSL
041 _aeng
_2eng
084 _qFMSL
100 _aInfo Bank
_9743767
245 0 _aNational stock exchange infobook, 1996
_cInfo Bank
250 _aEd 3rd
260 _aDelhi
_bDelhi, DSI Communications
_c1996
300 _aV..
942 _cTB
999 _c1288829
_d1288829